000
00316nam a22001337a 4500
008
170331b xxu||||| |||| 00| 0 eng d
020
_a
9781416022060
041
_a
eng
080
_a
617
100
_a
8
101
_a
SHM
245
_a
OFFICE ORTHOPEDICS FOR PRIMARY CARe: TREATMENT
_c
ANDERSON, B.C
942
_2
udc
_c
BK
999
_c
9293
_d
9293